Online
Catalog

4to. censo nacional agropecuario 1950. (Record no. 32822)

MARC details
000 -CABECERA
campo de control de longitud fija 00737nam a2200193 a 4500
001 - NÚMERO DE CONTROL
campo de control 000033331
005 - FECHA Y HORA DE LA ÚLTIMA TRANSACCIÓN
campo de control 20241016124936.0
008 - DATOS DE LONGITUD FIJA--INFORMACIÓN GENERAL
campo de control de longitud fija 110411s1955 dr ac r 000 0 spa d
040 ## - FUENTE DE LA CATALOGACIÓN
Centro catalogador/agencia de origen DO-SdBNP
Lengua de catalogación spa
Centro/agencia transcriptor BNPHU
082 ## - NÚMERO DE LA CLASIFICACIÓN DECIMAL DEWEY
Número de clasificación 338.1097293
Número de documento/Ítem R426c, 1950
110 2# - ENTRADA PRINCIPAL--NOMBRE DE ENTIDAD CORPORATIVA
Nombre de entidad corporativa o nombre de jurisdicción como elemento de entrada Oficina Nacional del Censo (República Dominicana)
9 (RLIN) 58922
245 10 - MENCIÓN DE TÍTULO
Título 4to. censo nacional agropecuario 1950.
260 ## - PUBLICACIÓN, DISTRIBUCIÓN, ETC.
Lugar de publicación, distribución, etc. Santo Domingo :
Nombre del editor, distribuidor, etc. Dirección General de Estadística,
Fecha de publicación, distribución, etc. [1955].
300 ## - DESCRIPCIÓN FÍSICA
Extensión 244 p. :
Otras características físicas il., retrs. ;
Dimensiones 26 cm.
590 ## - NOTA LOCAL (RLIN)
Nota local Inventariado, 2018/ YL
650 #4 - PUNTO DE ACCESO ADICIONAL DE MATERIA--TÉRMINO DE MATERIA
Término de materia o nombre geográfico como elemento de entrada Agricultura
Subdivisión geográfica República Dominicana
Subdivisión cronológica 1950
Subdivisión de forma ESTADÍSTICAS
9 (RLIN) 58923
650 #4 - PUNTO DE ACCESO ADICIONAL DE MATERIA--TÉRMINO DE MATERIA
Término de materia o nombre geográfico como elemento de entrada Ganadería
Subdivisión geográfica República Dominicana
Subdivisión cronológica 1950
Subdivisión de forma ESTADÍSTICAS
9 (RLIN) 58924
910 ## - DATOS DE OPCIÓN DEL USUARIO (OCLC)
Datos de opción del usuario Validado. Control de calidad MFF
Holdings
Estado de retiro Estado de pérdida No para préstamo Código de colección Localización permanente Ubicación/localización actual Ubicación en estantería Fecha de adquisición Número de inventario Total de préstamos Signatura topográfica completa Código de barras Fecha visto por última vez Precio válido a partir de Tipo de ítem Koha Nota pública
    Excluido de préstamo Patrimonio Dominicano Patrimonio Dominicano Patrimonio Dominicano Depósito 24.08.2011 LF1   338.1097293 R426c, 1950 33331-10 25.06.2020 25.06.2020 Libro y Folleto Colección Patrimonio Dominicano Perteneció a la biblioteca personal de Carlos Larrazábal Blanco

Powered by Koha